<?xml version="1.0" encoding="UTF-8"?><?xml-stylesheet type="text/xsl" href="static/style.xsl"?><OAI-PMH xmlns="http://www.openarchives.org/OAI/2.0/" xmlns:xsi="http://www.w3.org/2001/XMLSchema-instance" xsi:schemaLocation="http://www.openarchives.org/OAI/2.0/ http://www.openarchives.org/OAI/2.0/OAI-PMH.xsd"><responseDate>2026-04-27T12:21:05Z</responseDate><request verb="GetRecord" identifier="oai:uvadoc.uva.es:10324/8086" metadataPrefix="marc">https://uvadoc.uva.es/oai/request</request><GetRecord><record><header><identifier>oai:uvadoc.uva.es:10324/8086</identifier><datestamp>2021-06-29T10:31:14Z</datestamp><setSpec>com_10324_38</setSpec><setSpec>col_10324_852</setSpec></header><metadata><record xmlns="http://www.loc.gov/MARC21/slim" xmlns:doc="http://www.lyncode.com/xoai" xmlns:xsi="http://www.w3.org/2001/XMLSchema-instance" xmlns:dcterms="http://purl.org/dc/terms/" xsi:schemaLocation="http://www.loc.gov/MARC21/slim http://www.loc.gov/standards/marcxml/schema/MARC21slim.xsd">
<leader>00925njm 22002777a 4500</leader>
<datafield tag="042" ind1=" " ind2=" ">
<subfield code="a">dc</subfield>
</datafield>
<datafield tag="720" ind1=" " ind2=" ">
<subfield code="a">Revueltas Gracia, Noelia</subfield>
<subfield code="e">author</subfield>
</datafield>
<datafield tag="260" ind1=" " ind2=" ">
<subfield code="c">2015</subfield>
</datafield>
<datafield tag="520" ind1=" " ind2=" ">
<subfield code="a">Con este trabajo pretendo potenciar la incorporación de las dramatizaciones educativas en el aula de primaria.&#xd;
En la actualidad existen muchos tipos de dramatizaciones que podemos incorporar en nuestras clases para ayudar a nuestros alumnos en el aprendizaje de conocimientos y en las diversas competencias que deben adquirir al finalizar su etapa educativa.&#xd;
Las dramatizaciones han adquirido una gran importancia en nuestra sociedad actual ya que nos ayudan a conocer el mundo y a vivir diferentes experiencias de una manera más cercana que el cine o la televisión.&#xd;
Para nuestros alumnos resulta imprescindible el aprender a resolver los problemas y a saber reaccionar a las distintas situaciones de la vida cotidiana.&#xd;
El objetivo de este trabajo es aprender los distintos tipos de dramatizaciones como el teatro o los títeres y conocer las posibilidades de incorporar estas técnicas en nuestra aula con el fin de potenciar las capacidades, habilidades y conocimientos de nuestros alumnos.&#xd;
Se plantea una propuesta relacionada con las dramatizaciones navideñas y pretendemos que nuestros alumnos aprendan otras culturas, el significado de esta fecha, los valores de la navidad y a comunicarse de forma oral o por escrito de una manera adecuada según las distintas situaciones que se planteen y teniendo en cuenta la comunicación no verbal para saber interpretar lo que expresamos a través de nuestro cuerpo.</subfield>
</datafield>
<datafield tag="024" ind2=" " ind1="8">
<subfield code="a">http://uvadoc.uva.es/handle/10324/8086</subfield>
</datafield>
<datafield ind1=" " ind2=" " tag="653">
<subfield code="a">Didáctica de la literatura</subfield>
</datafield>
<datafield ind1=" " ind2=" " tag="653">
<subfield code="a">Educación primaria</subfield>
</datafield>
<datafield tag="245" ind1="0" ind2="0">
<subfield code="a">Las dramatizaciones y su uso en Primaria</subfield>
</datafield>
</record></metadata></record></GetRecord></OAI-PMH>